000
00325nam a2200133Ia 4500
005
20251222153539.0
008
251222s9999||||xx |||||||||||||| ||spa||
020
_a
9788047013
082
_a
342.861/P41
245
0
_a
Constitución Política de Colombia
250
_a
1ra.ed.
264
_b
El Pensador Editores
942
_c
LIB
999
_c
30380
_d
30380